000 00360cam a22001217a 4500
008 180718b1962 xxu||||| |||| 00| 0 eng d
082 _aQ923 J89
100 _aJoyce, James Avery
245 _aRight to life: a world view of capital punishment
_cby James Avery Joyce
260 _aLondon
_bVictor Gollancz
_c1962
300 _a256p.
650 _aCapital punishment
999 _c433825
_d433825